[Event "BEL-chT 1920"]
[Site "Belgium"]
[Date "2019.12.01"]
[Round "5.6"]
[White "Groffen, Hans"]
[Black "Buscher, Michael"]
[Result "0-1"]
[WhiteElo "2067"]
[BlackElo "2362"]
[PlyCount "120"]
[EventDate "2019.09.29"]
[EventType "team-tourn"]
[EventRounds "11"]
[EventCountry "BEL"]
[SourceTitle "CBM 195 Extra"]
[Source "ChessBase"]
[SourceDate "2020.05.31"]
[SourceVersion "1"]
[SourceVersionDate "2020.05.31"]
[SourceQuality "1"]
[WhiteTeam "Jean Jaures Ghent"]
[BlackTeam "Echiquier Mosan"]
[WhiteTeamCountry "BEL"]
[BlackTeamCountry "BEL"]

1. d4 Nf6 2. Nf3 e6 3. g3 c5 4. Bg2 Nc6 5. 0-0 d5 6. c4 dxc4 7. dxc5 Qxd1 8. Rxd1 Bxc5 9. Nbd2 c3 10. bxc3 Bd7 11. Rb1 0-0-0 12. Nb3 Bb6 13. Ng5 Ne5 14. Bf4 Nfg4 15. Ne4 Nc4 16. h3 Nh6 17. Nec5 Bc6 18. Bxc6 bxc6 19. Rd4 Na3 20. Rbd1 Nb5 21. Rxd8+ Rxd8 22. Rxd8+ Bxd8 23. Na4 Nf5 24. c4 Na3 25. g4 Ne7 26. Be3 Kb8 27. Nd2 Nc8 28. Bc5 Nc2 29. Ne4 Kc7 30. Nb2 f5 31. Nd2 g6 32. Nd3 Bf6 33. Nf3 Nb6 34. Nfe5 Ne1 35. Nf7 Nxd3 36. exd3 Nc8 37. Kf1 e5 38. gxf5 gxf5 39. Nh6 Be7 40. Bxe7 Nxe7 41. Nf7 Ng6 42. Nh6 Nh4 43. Nf7 Nf3 44. Ke2 Ng1+ 45. Ke1 Nxh3 46. Nxe5 Kd6 47. d4 Ng5 48. Nd3 Nf3+ 49. Ke2 Nxd4+ 50. Ke3 Ne6 51. Kf3 Nc5 52. Nxc5 Kxc5 53. Kf4 Kxc4 54. Kxf5 Kd5 55. f4 c5 56. Kf6 c4 57. f5 c3 58. Kg7 c2 59. f6 c1Q 60. f7 Qc8 0-1

[Event "EU-Cup 34th"]
[Site "Porto Carras"]
[Date "2018.10.12"]
[Round "1.3"]
[White "Predojevic, Borki"]
[Black "Buscher, Michael"]
[Result "1-0"]
[WhiteElo "2616"]
[BlackElo "2393"]
[PlyCount "61"]
[EventDate "2018.10.12"]
[EventType "team-swiss"]
[EventRounds "7"]
[EventCountry "GRE"]
[SourceTitle "CBM 187"]
[Source "ChessBase"]
[SourceDate "2018.12.11"]
[SourceVersion "1"]
[SourceVersionDate "2018.12.11"]
[SourceQuality "1"]
[WhiteTeam "Valerenga"]
[BlackTeam "Amaytos"]
[WhiteTeamCountry "NOR"]
[BlackTeamCountry "BEL"]

1. e4 c5 2. Nf3 d6 3. d4 cxd4 4. Nxd4 Nf6 5. Nc3 Nc6 6. Bg5 e6 7. Qd2 a6 8. 0-0-0 Bd7 9. f4 Be7 10. Nf3 b5 11. Bxf6 gxf6 12. Kb1 h5 13. g3 b4 14. Ne2 Qb6 15. Ned4 0-0-0 16. Bc4 Na5 17. Bd3 Nb7 18. c3 bxc3 19. Rc1 Nc5 20. Rxc3 Kb7 21. Nb3 Nxd3 22. Rxd3 Ka8 23. Na5 Rc8 24. Rb3 Qc5 25. Nd4 d5 26. Rb7 Rhd8 27. Ndb3 Qb5 28. Rxb5 Bxb5 29. exd5 Rxd5 30. Qe3 Bd8 31. Rc1 1-0

[Event "BEL-chT 1617"]
[Site "Belgium"]
[Date "2016.10.02"]
[Round "1.5"]
[White "Buscher, Michael"]
[Black "Schoppen, Casper"]
[Result "1-0"]
[WhiteElo "2398"]
[BlackElo "2304"]
[PlyCount "139"]
[EventDate "2016.10.02"]
[EventType "team-tourn"]
[EventRounds "11"]
[EventCountry "BEL"]
[SourceTitle "EXT 2017"]
[Source "ChessBase"]
[SourceDate "2016.10.25"]
[SourceVersion "1"]
[SourceVersionDate "2016.10.25"]
[SourceQuality "1"]
[WhiteTeam "Amay"]
[BlackTeam "KGSRL"]
[WhiteTeamCountry "BEL"]
[BlackTeamCountry "BEL"]

1. e4 e5 2. Nf3 Nc6 3. Bb5 Nf6 4. d3 d6 5. Nbd2 g6 6. Nf1 Bg7 7. Ng3 Bd7 8. c3 0-0 9. 0-0 Qe7 10. Re1 a6 11. Ba4 Rad8 12. h3 Rfe8 13. Bd2 Qf8 14. c4 Kh8 15. Bc3 Ng8 16. Bxc6 Bxc6 17. d4 Nf6 18. Qc2 exd4 19. Nxd4 Bd7 20. Rad1 Bc8 21. b3 c5 22. Nde2 b5 23. Nf4 Bb7 24. Nd5 Bxd5 25. exd5 Rxe1+ 26. Rxe1 Re8 27. Re2 h5 28. Qb2 Rxe2 29. Qxe2 bxc4 30. Qxc4 Qa8 31. Bxf6 Bxf6 32. Ne4 Be5 33. g3 a5 34. Kg2 Qd8 35. Qd3 h4 36. f4 Bd4 37. Ng5 Qf6 38. Nf3 Ba1 39. Qd2 hxg3 40. Kxg3 Bc3 41. Qd3 Kg7 42. Kg4 Ba1 43. f5 Qb2 44. fxg6 Qg2+ 45. Kf4 fxg6 46. Qe3 Bf6 47. Qe6 g5+ 48. Ke3 Qxa2 49. Qd7+ Kh6 50. Nd2 Qb2 51. Qxd6 Qd4+ 52. Ke2 a4 53. bxa4 c4 54. Qf8+ Bg7 55. Qf5 c3 56. Nf3 Qc4+ 57. Kf2 Qc5+ 58. Kg2 c2 59. Qe6+ Kh7 60. Nxg5+ Kh8 61. Qf5 Qg1+ 62. Kxg1 c1Q+ 63. Kg2 Qd2+ 64. Kg3 Qe1+ 65. Kg4 Qe2+ 66. Kh4 Qe1+ 67. Kh5 Qe2+ 68. Kg6 Qe8+ 69. Qf7 Qe4+ 70. Nxe4 1-0

[Event "BL2-West 1516"]
[Site "Germany"]
[Date "2015.12.13"]
[Round "4.7"]
[White "Buscher, Michael"]
[Black "Schoebel, Wolfgang"]
[Result "1-0"]
[WhiteElo "2396"]
[BlackElo "2188"]
[PlyCount "57"]
[EventDate "2015.09.20"]
[EventType "team-tourn"]
[EventRounds "9"]
[EventCountry "GER"]
[SourceTitle "EXT 2017"]
[Source "ChessBase"]
[SourceDate "2016.10.25"]
[SourceVersion "1"]
[SourceVersionDate "2016.10.25"]
[SourceQuality "1"]
[WhiteTeam "Aachen DJK"]
[BlackTeam "Schoeneck"]
[WhiteTeamCountry "GER"]
[BlackTeamCountry "GER"]

1. e4 e6 2. f4 d5 3. e5 c5 4. Nf3 Nc6 5. c3 Bd7 6. Na3 Nh6 7. Nc2 Rb8 8. d4 c4 9. b3 cxb3 10. axb3 b5 11. Ne3 Be7 12. Bd3 b4 13. c4 dxc4 14. Nxc4 0-0 15. 0-0 Be8 16. Kh1 f6 17. Qc2 f5 18. Bb2 Qd7 19. Ne3 Bd8 20. d5 exd5 21. Nxd5 Ne7 22. Nxe7+ Bxe7 23. Bc4+ Kh8 24. Bd4 Ra8 25. Qb2 Qb7 26. Ra6 Qe4 27. Rxh6 gxh6 28. e6+ Kg8 29. Bh8 1-0

[Event "NRW Class2 1415"]
[Site "Germany"]
[Date "2014.11.16"]
[Round "3.5"]
[White "Buscher, Michael"]
[Black "Molinaroli, Martin"]
[Result "1/2-1/2"]
[WhiteElo "2317"]
[BlackElo "2244"]
[PlyCount "48"]
[EventDate "2014.09.14"]
[EventType "team-tourn"]
[EventRounds "9"]
[EventCountry "GER"]
[SourceTitle "EXT 2017"]
[Source "ChessBase"]
[SourceDate "2016.10.25"]
[SourceVersion "1"]
[SourceVersionDate "2016.10.25"]
[SourceQuality "1"]
[WhiteTeam "Aachen Aufwaerts II"]
[BlackTeam "Muenster"]
[WhiteTeamCountry "GER"]
[BlackTeamCountry "GER"]

1. e4 e5 2. Nf3 d6 3. d4 exd4 4. Qxd4 Nc6 5. Bb5 Bd7 6. Bxc6 Bxc6 7. c4 Nf6 8. Nc3 Be7 9. 0-0 0-0 10. Re1 Nd7 11. Nd5 Bxd5 12. Qxd5 c6 13. Qd2 Ne5 14. Nxe5 dxe5 15. Qc3 Qc7 16. Be3 Rfd8 17. Rad1 a6 18. a4 Rxd1 19. Rxd1 Rd8 20. Rd2 Rxd2 21. Qxd2 Qd6 22. Kf1 f6 23. h3 Kf7 24. Ke2 Qxd2+ 1/2-1/2

[Event "BEL-chT 1415"]
[Site "Belgium"]
[Date "2014.11.02"]
[Round "3.8"]
[White "Buscher, Michael"]
[Black "Winterberg, Lukas"]
[Result "1/2-1/2"]
[WhiteElo "2332"]
[BlackElo "2282"]
[PlyCount "66"]
[EventDate "2014.09.28"]
[EventType "team-swiss"]
[EventRounds "11"]
[EventCountry "BEL"]
[SourceTitle "EXT 2015"]
[Source "ChessBase"]
[SourceDate "2014.11.20"]
[SourceVersion "1"]
[SourceVersionDate "2014.11.20"]
[SourceQuality "1"]
[WhiteTeam "Amay"]
[BlackTeam "Wirtzfeld"]
[WhiteTeamCountry "BEL"]
[BlackTeamCountry "BEL"]

1. e4 e5 2. Nf3 Nc6 3. Bb5 Nf6 4. d3 d6 5. Nbd2 Be7 6. Nf1 0-0 7. Ng3 Nd7 8. c3 Nb6 9. d4 exd4 10. Nxd4 Nxd4 11. cxd4 d5 12. e5 f6 13. 0-0 fxe5 14. dxe5 c5 15. a4 a5 16. Kh1 Qc7 17. f4 Bh4 18. Ra3 Bxg3 19. Rxg3 Bf5 20. b3 Rad8 21. Ba3 Nc8 22. Bd3 Ne7 23. Bxf5 Nxf5 24. Rd3 d4 25. Bc1 b6 26. Kg1 Ne7 27. Bd2 Nd5 28. Qe2 Rde8 29. Qe4 Qc6 30. f5 Qd6 31. Re1 Nf6 32. Qf4 Nd5 33. Qe4 Nf6 1/2-1/2